• 首页
  • 本馆介绍
  • 公告通知
  • 最新文献
  • 馆藏检索
  • 电子资源
  • 读者导购
  • 参考咨询
  • 我的图书馆
  • 登录
  • 详细信息显示
  • 放入我的书架
  • 预约/预借图书
  • 作者相关作品
  • 分类相关作品
  • 丛书相关作品
  • 出版社相关作品

书目信息

  • 表格格式
  • 工作单格式
  • 卡片格式
题名:
Photoshop CC产品设计效果图表现实例教程
    
 
作者: 李晓东 主编
分册:  
出版信息: 北京   电子工业出版社  2015.6
页数: 195页
开本: 26cm
丛书名:
单 册:
中图分类: TB472.2-3
科图分类:
主题词: 产品设计--计算机辅助设计--图象处理软件,Photoshop CC--高等学校--教材
电子资源:
ISBN: 978-7-121-26151-0
000 01333nam0 2200253 450
001 0400002212
005 20171020141016.0
010    @a978-7-121-26151-0@dCNY54.00
100    @a20150814e20172015em y0chiy50 ea
101 0  @achi
102    @aCN@b110000
105    @aa z 000yy
106    @ar
200 1  @aPhotoshop CC产品设计效果图表现实例教程@9Photoshop CC chan pin she ji xiao guo tu biao xian shi li jiao cheng@f李晓东主编
210    @a北京@c电子工业出版社@d2015.6@h2017.2
215    @a195页@c图@d26cm
300    @a高等技术应用型人才“十三五”规划教材 高等技术应用型人才工业设计类规划教材
330    @a本书通过详尽的Photoshop CC基本工具介绍,由浅入深地将相关工具的使用融入到效果图制作过程当中,详细讲解如何将产品的造型、材质、光影的表现方法通过软件的方式表现出逼真的效果; 针对金属、拉丝、塑料、透明等材质的不同特点,通过产品实例制作的方式,让读者对于如何运用软件将不同材质表现到产品设计当中有更加深入的了解。在第5章到第9章当中,通过产品效果图制作实例,从产品设计流程、设计草图表现、Photoshop效果图表现,再到提案展示等,使读者更加接近设计实践的过程,为后续从事设计工作打下良好基础。
606 0  @a产品设计@x计算机辅助设计@x图象处理软件,Photoshop CC@x高等学校@j教材
610 0  @aPhotoshop
690    @aTB472.2-3@v5
701  0 @a李晓东@9li xiao dong@4主编
801  0 @aCN@b91MARC@c20171020
905    @b1031745-9@dTB472.2-3@f5@e434
    
    Photoshop CC产品设计效果图表现实例教程/李晓东主编.-北京:电子工业出版社,2015.6(2017.2)
    195页:图;26cm
    高等技术应用型人才“十三五”规划教材 高等技术应用型人才工业设计类规划教材
    
    ISBN 978-7-121-26151-0:CNY54.00
    本书通过详尽的Photoshop CC基本工具介绍,由浅入深地将相关工具的使用融入到效果图制作过程当中,详细讲解如何将产品的造型、材质、光影的表现方法通过软件的方式表现出逼真的效果; 针对金属、拉丝、塑料、透明等材质的不同特点,通过产品实例制作的方式,让读者对于如何运用软件将不同材质表现到产品设计当中有更加深入的了解。在第5章到第9章当中,通过产品效果图制作实例,从产品设计流程、设计草图表现、Photoshop效果图表现,再到提案展示等,使读者更加接近设计实践的过程,为后续从事设计工作打下良好基础。
●
相关链接 在E读中查询图书 在五车中查询图书 在当当中查询图书 在豆瓣中查询图书


正题名:Photoshop CC产品设计效果图表现实例教程     索取号:TB472.2-3/434         预约/预借

序号 登录号 条形码 馆藏地/架位号 状态 备注
1 1031745   210317450   第二样本阅览室/ [索取号:TB472.2-3/434] 在馆    
2 1031746   210317469   密集书库-化学系/ [索取号:TB472.2-3/434] 在馆    
3 1031747   210317478   第三借阅区/ [索取号:TB472.2-3/434] 在馆    
4 1031748   210317487   第三借阅区/ [索取号:TB472.2-3/434] 在馆    
5 1031749   210317496   第三借阅区/ [索取号:TB472.2-3/434] 在馆    
唐山师范学院图书馆 欢迎您!
大连网信软件有限公司© 版权所有